Score 0/12 Timer 02:00
2 Plays Today
% Correct
Gomez
88.4%
Wednesday
86.3%
Morticia
85.7%
Grandmama
85.7%
Grandpa
85.1%
Pugsley
84.9%
Uncle Fester
84.3%
Lurch
83.2%
Eddie
79.9%
Herman
78.9%
Marilyn
77.8%
Lily
74.4%
Remove Ads.
Support Sporcle.
Get the best of Sporcle when you Go Orange. This ad-free experience offers more features, more stats, and more fun while also helping to support Sporcle. Thank you for becoming a member.

You're not logged in!

Compare scores with friends on all Sporcle quizzes.
OR
Log In

Sporcle TV

Today on Sporcle TV


Watch our educational content, quiz creation guides, and fun videos on Sporcle TV.

Show Comments

Extras

Top Quizzes Today


Score Distribution

Paid Content

Your Account Isn't Verified!

In order to create a playlist on Sporcle, you need to verify the email address you used during registration. Go to your Sporcle Settings to finish the process.

Report this User

Report this user for behavior that violates our Community Guidelines.

Details: